000 00335nam a22001457a 4500
005 20260211151556.0
008 260211b |||||||| |||| 00| 0 eng d
020 _a978-0-241-95822-3
100 _aS. Sinek
245 _aStart with Why
260 _aIndia
_bPenguin
_c2009
300 _a246
650 _aManagement
942 _2ddc
_cBK
999 _c21912
_d21912